Central Library OPAC University of Rajshahi

Episodes from the early history of mathematics / (Record no. 50837)

MARC details
000 -LEADER
fixed length control field 00849nam a2200265 a 4500
001 - CONTROL NUMBER
control field 50837
003 - CONTROL NUMBER IDENTIFIER
rucl marc code BD-RjUL
005 - DATE AND TIME OF LATEST TRANSACTION
control field 20211209075555.0
008 - FIXED-LENGTH DATA ELEMENTS--GENERAL INFORMATION
fixed length control field 160828s1964 dcua b 000 0 eng d
020 ## - INTERNATIONAL STANDARD BOOK NUMBER
International Standard Book Number 0883856131
035 ## - SYSTEM CONTROL NUMBER
System control number (BD-RjUL)50957
040 ## - CATALOGING SOURCE
Original cataloging agency BDS
Language of cataloging eng
Transcribing agency BD-RjUL
Modifying agency BD-RjUL
041 ## - LANGUAGE CODE
Language code of text/sound track or separate title eng
082 0# - DEWEY DECIMAL CLASSIFICATION NUMBER
Classification number 510.901
Edition number 23
Author mark and year AAE 1964
100 1# - MAIN ENTRY--PERSONAL NAME
Personal name Aaboe, Asger.
9 (RLIN) 152180
245 10 - TITLE STATEMENT
Title Episodes from the early history of mathematics /
Statement of responsibility, etc. by Asger Aaboe.
260 ## - PUBLICATION, DISTRIBUTION, ETC. (IMPRINT)
Place of publication, distribution, etc. Washigton, D.C. :
Name of publisher, distributor, etc. Mathematical Association of America,
Date of publication, distribution, etc. c1964.
300 ## - PHYSICAL DESCRIPTION
Pagination x, 133 p. :
Illustrations ill. ;
Size 23 cm.
504 ## - BIBLIOGRAPHY, ETC. NOTE
Bibliography, etc Includes bibliographical references.
650 #0 - SUBJECT ADDED ENTRY--TOPICAL TERM
Topical term or geographic name as entry element Mathematics, Greek.
9 (RLIN) 152181
Topical term or geographic name as entry element Mathematics, Babylonian.
9 (RLIN) 152182
Topical term or geographic name as entry element Mathematics, Ancient.
9 (RLIN) 152183
830 #0 - SERIES ADDED ENTRY--UNIFORM TITLE
Uniform title New mathematical library ;
Volume number/sequential designation 13
942 ## - ADDED ENTRY ELEMENTS (KOHA)
Source of classification or shelving scheme Dewey Decimal Classification
Koha item type Books
Holdings
Lost status Source of classification or shelving scheme Damaged status Not for loan Collection code Permanent Location Current Location Shelving location Date acquired Source of acquisition Cost, normal purchase price Total Checkouts Full call number Date last seen Copy number Koha item type
  Dewey Decimal Classification     Non-fiction Central Library, University of Rajshahi Central Library, University of Rajshahi   23/06/1966 Asia Fundation 0.00   510.901 AAE 1964 28/08/2016 C-2 Books